书目信息 |
| 题名: |
Mechanical Desktop 2006基础篇
|
|
| 作者: | 李德信 , 曹岩 , 杨世强 主编 | |
| 分册: | ||
| 出版信息: | 北京 化学工业出版社 2007.09 |
|
| 页数: | 371页 | |
| 开本: | 26cm | |
| 丛书名: | CAD/CAM软件工程应用教程丛书 | |
| 单 册: | ||
| 中图分类: | TU201.4 | |
| 科图分类: | ||
| 主题词: | 建筑设计--jian zhu she ji--计算机辅助设计--应用软件 | |
| 电子资源: | ||
| ISBN: | 978-7-122-01010-0 | |
| 000 | 01183nam 2200289 450 | |
| 001 | 012008997376 | |
| 005 | 20080120153410.84 | |
| 010 | @a978-7-122-01010-0@dCNY41.00 (含光盘) | |
| 100 | @a20080120d2007 em y0chiy0120 ea | |
| 101 | 0 | @achi |
| 102 | @aCN@b110000 | |
| 105 | @aa z 000yy | |
| 106 | @ar | |
| 200 | 1 | @aMechanical Desktop 2006基础篇@AMechanical Desktop 2006 ji chu pian@f李德信, 曹岩, 杨世强主编@Fli de xin,cao yan,yang shi qiang zhu bian |
| 210 | @a北京@c化学工业出版社@d2007.09 | |
| 215 | @a371页@c图@d26cm@e光盘1片 | |
| 225 | 2 | @aCAD/CAM软件工程应用教程丛书@ACAD/CAM ruan jian gong cheng ying yong jiao cheng cong shu |
| 307 | @a光盘 ISBN :978-7-900231-57-4 | |
| 330 | @a本书以理论为引导,通过概念讲解、命令说明和实例操作相结合,详细介绍了MDT 2006在草图创建、零件的三维造型、装配、工程图等方面的具体功能、使用方法和技巧。 | |
| 410 | 0 | @12001 @aCAD/CAM软件工程应用教程丛书 |
| 606 | 0 | @a建筑设计@Ajian zhu she ji@x计算机辅助设计@x应用软件 |
| 690 | @aTU201.4@v4 | |
| 701 | 0 | @a李德信@Ali de xin@4主编 |
| 701 | 0 | @a曹岩@Acao yan@4主编 |
| 701 | 0 | @a杨世强@Ayang shi qiang@4主编 |
| 801 | 0 | @aCN@bQSSK@c20080120 |
| 905 | @b279560-62@dTU201.4@eL147@f3 | |
| Mechanical Desktop 2006基础篇/李德信, 曹岩, 杨世强主编.-北京:化学工业出版社,2007.09 |
| 371页:图;26cm+光盘1片.-(CAD/CAM软件工程应用教程丛书) |
| ISBN 978-7-122-01010-0:CNY41.00 (含光盘) |
| 本书以理论为引导,通过概念讲解、命令说明和实例操作相结合,详细介绍了MDT 2006在草图创建、零件的三维造型、装配、工程图等方面的具体功能、使用方法和技巧。 |
| ● |
| 相关链接 |
|
|
|
正题名:Mechanical Desktop 2006基础篇
索取号:TU201.4/L147
 
预约/预借
| 序号 | 登录号 | 条形码 | 馆藏地/架位号 | 状态 | 备注 |
| 1 | 279560 | 202795608 | 自科二线404/101建筑库 997排2列1层/ [索取号:TU201.4/L147] | 在馆 | |
| 2 | 279561 | 202795617 | 建筑库101/ [索取号:TU201.4/L147] | 在馆 | |
| 3 | 279562 | 202795626 | 建筑库101/101建筑库 34排3列4层/ [索取号:TU201.4/L147] | 在馆 |